Правила по охране труда при работах на линейных сооружениях кабельных линий передачи: Пот РО 45-009-2003

Xehetasun bibliografikoak
Hizkuntza:errusiera
Argitaratua: СПб., Деан, 2004
Saila:Безопасность труда России
Gaiak:
Formatua: MixedMaterials Liburua
KOHA link:https://koha.lib.tpu.ru/cgi-bin/koha/opac-detail.pl?biblionumber=106577

MARC

LEADER 00000nam0a2200000 4500
001 106577
005 20231031114944.0
010 |a 5936303896 
035 |a (RuTPU)RU\TPU\book\115067 
090 |a 106577 
100 |a 20061211d2004 k y0rusy50 ca 
101 0 |a rus 
102 |a RU 
105 |a y l 000zy 
200 1 |a Правила по охране труда при работах на линейных сооружениях кабельных линий передачи  |e Пот РО 45-009-2003 
210 |a СПб.  |c Деан  |d 2004 
215 |a 175 с. 
225 1 |a Безопасность труда России 
610 1 |a электротехника 
610 1 |a кабельные линии 
610 1 |a линии электропередачи 
610 1 |a линейные сооружения 
610 1 |a охрана труда 
610 1 |a техника безопасности 
610 1 |a правила 
610 1 |a Пот РО 45-009-2003 
675 |a 621.315.235(083.13)  |v 3 
801 1 |a RU  |b 63413507  |c 20061211  |g PSBO 
801 2 |a RU  |b 63413507  |c 20070116  |g PSBO 
942 |c BK